LEADER 01220nam--2200361---450- 001 990003650040203316 005 20120412124642.0 010 $a978-88-7542-159-5 035 $a000365004 035 $aUSA01000365004 035 $a(ALEPH)000365004USA01 035 $a000365004 100 $a20120412d2010----km-y0itay50------ba 101 0 $aita 102 $aIT 105 $aa---||||001yy 200 1 $aMontaperti per i 750 anni dalla battaglia$easpetti della guerra e della pace nel Medioevo$eincontro italo-danese Villa Chigi Saracini - Castelnuovo Berardenga (SI) 5 Settembre 2010$fa cura di Mario Ascheri 210 $aFirenze$cAska$d2010 215 $a115 p., [9] pagine di tav.$cill.$d24 cm 225 2 $aDocumenti di storia$v91 410 0$12001$aDocumenti di storia$v91 606 0 $aFirenze$xStoria$2BNCF 676 $a945.51 700 1$aASCHERI,$bMario$0127201 801 0$aIT$bsalbc$gISBD 912 $a990003650040203316 951 $aX.1.B. 1416$b231503 L.M.$cX.1.B.$d00309418 959 $aBK 969 $aUMA 979 $aPASSARO$b90$c20120412$lUSA01$h1244 979 $aPASSARO$b90$c20120412$lUSA01$h1246 996 $aMontaperti per i 750 anni dalla battaglia$91139599 997 $aUNISA LEADER 04148nam 22007215 450 001 9910634045103321 005 20251009103102.0 010 $a9783031205538$b(electronic bk.) 010 $z9783031205521 024 7 $a10.1007/978-3-031-20553-8 035 $a(MiAaPQ)EBC7153329 035 $a(Au-PeEL)EBL7153329 035 $a(CKB)25610248400041 035 $a(OCoLC)1354205126 035 $a(DE-He213)978-3-031-20553-8 035 $a(EXLCZ)9925610248400041 100 $a20221207d2022 u| 0 101 0 $aeng 135 $aurcnu|||||||| 181 $ctxt$2rdacontent 182 $cc$2rdamedia 183 $acr$2rdacarrier 200 10$aAdvancement of Metal Oxide Materials for Photocatalytic Application $eSelected Strategies to Achieve Higher Efficiency /$fby Vitaly Gurylev 205 $a1st ed. 2022. 210 1$aCham :$cSpringer International Publishing :$cImprint: Springer,$d2022. 215 $a1 online resource (234 pages) 225 1 $aChemistry and Materials Science Series 311 08$aPrint version: Gurylev, Vitaly Advancement of Metal Oxide Materials for Photocatalytic Application Cham : Springer International Publishing AG,c2023 9783031205521 320 $aIncludes bibliographical references and index. 327 $aPhotocatalysis: basics principles -- Strategy I: Doping -- Strategy II: Utilizing metal nanoparticles in the form of deposited or embedded formations -- Strategy III: Formation of heterojunction -- Strategy IV: Playing with morphology and structure of metal oxide materials -- Intrinsic deficiency -- Strategies to improve photocatalysts: future perspectives. 330 $aThis book investigates applicability of various emerging strategies to improve important properties and features of metal oxide materials that can be used further to advance their photocatalytic and photoelectrochemical performances. The range of discussed strategies includes introduction of intrinsic and extrinsic deficiencies, fabrication of heterojunction and utilizing of metal nanoparticles in the form of deposited or embedded formations. Each of them is addressed as separate case in order to reach full and comprehensive assessment of their most fundamental principles and basics as well as accessing pivotal advantages and disadvantages. Furthermore, additional discussion is dedicated to achieving thorough awareness over methods and experimental protocols that are used to realize them and also probing changes which they induce in electronic and geometrical configurations of metal oxide materials. It is believed that this book might become a valuable addition to extend further current knowledge about photocatalysis and material processing. Investigates strategies to improve efficiency and stability of metal oxide materials to perform photocatalytic reactions; Access the most fundamental principles of photocatalysis with regard to its expected advancement and future perspective; Compares applicability of strategies to specific metal oxide materials and defines factors that have the greatest effect. 410 0$aChemistry and Materials Science Series 606 $aMaterials 606 $aCatalysis 606 $aForce and energy 606 $aPhotocatalysis 606 $aElectrocatalysis 606 $aMetals 606 $aMetal-organic Frameworks 606 $aMaterials for Energy and Catalysis 606 $aPhotocatalysis 606 $aElectrocatalysis 606 $aMetals and Alloys 615 0$aMaterials. 615 0$aCatalysis. 615 0$aForce and energy. 615 0$aPhotocatalysis. 615 0$aElectrocatalysis. 615 0$aMetals. 615 14$aMetal-organic Frameworks. 615 24$aMaterials for Energy and Catalysis. 615 24$aPhotocatalysis. 615 24$aElectrocatalysis. 615 24$aMetals and Alloys. 676 $a546.721 676 $a546.3 700 $aGurylev$b Vitaly$01073331 801 0$bMiAaPQ 801 1$bMiAaPQ 801 2$bMiAaPQ 912 $a9910634045103321 996 $aAdvancement of Metal Oxide Materials for Photocatalytic Application$92996418 997 $aUNINA